| 000 | 00000nam##2200000za#4500 |
| 001 | 9.575645 |
| 003 | CaOODSP |
| 005 | 20210624184749 |
| 007 | cr ||||||||||| |
| 008 | 150406|2008||||xxc|||||o f|0| 0 eng|d |
| 040 | |aCaOODSP|beng |
| 043 | |an-cn--- |
| 086 | 1 |aTU3-5/08-37E-PDF |
| 110 | 2 |aTransportation Safety Board of Canada. |
| 245 | 10|aLoss of control – In-flight breakup, ADWEL Investments Ltd. Piper PA-46-350P (Jetprop DLX) C-FKKH Wainwright, Alberta, 16 nm NE, 28 March 2008 |h[electronic resource] |
| 260 | |aGatineau - Quebec : |bTransportation Safety Board of Canada |c[2008]. |
| 300 | |a18p. |
| 490 | 1 |aAviation investigation report |vA08W0068 |
| 590 | |a13-02-Supp|b2013-01-11 |
| 775 | 08|tPerte de maîtrise et désintégration en vol du Piper PA-46-350P (Jetprop DLX) C-FKKH exploité par ADWEL Investments Ltd. à 16 nm au nord-est de Wainwright (Alberta), le 28 mars 2008 |w(CaOODSP)9.605139 |
| 830 | #0|aAviation investigation report ;|vA08W0068|w(CaOODSP)9.504825 |
| 856 | 40|ahttp://publications.gc.ca|qPDF|s185 KB|uhttps://publications.gc.ca/collections/collection_2012/bst-tsb/TU3-5-08-37-eng.pdf|yA08W0068 |